| 000 | 00394nam a2200169Ia 4500 | ||
|---|---|---|---|
| 001 | 25101 | ||
| 003 | IN-NITTTR | ||
| 005 | 20251114233319.0 | ||
| 008 | 251113s9999||||xx |||||||||||||| ||eng|| | ||
| 040 | _beng | ||
| 040 | _cIN-NITTTR | ||
| 041 | _aeng | ||
| 082 | _a005.133 A21X | ||
| 100 | _aArciniegas, A Fabio | ||
| 245 | 0 |
_aXML developers' guide / _cArciniegas, A Fabio |
|
| 942 |
_2ddc _cBK |
||
| 999 |
_c27730 _d27730 |
||